Bramkarze reprezentacji Chorwacji w XXI wieku - Statystyki

Ogólne statystyki
  • Ten quiz został rozwiązany 213 razy
    13 od ostatniego zresetowania
  • Średni wynik to 3 z 18
Statystyki odpowiedzi
Lata gry # Nazwisko % Poprawnych
2009-2018 44 Danijel Subašić
92%
2017- 64 Dominik Livaković
92%
1999-2014 114 Stipe Pletikosa
75%
2014-2019 19 Lovre Kalinić
25%
2024- 2 Dominik Kotarski
17%
2021- 6 Ivica Ivušić
17%
2021 2 Ivo Grbić
8%
2024- 2 Nediljko Labrović
8%
2017 1 Andrej Prskalo
0%
2013 1 Antonijo Ježina
0%
2013 1 Dario Krešić
0%
2014-2016 3 Ivan Vargić
0%
2004-2006 4 Joey Didulica
0%
2019-2020 3 Simon Sluga
0%
2001-2006 28 Tomislav Butina
0%
2006-2011 22 Vedran Runje
0%
1998-2002 2 Vladimir Vasilj
0%
1996-2001 7 Željko Pavlović
0%
Nie znaleziono quizów pasujących do podanych kryteriów
Rozkład punktacji
Procent ludzi z każdym wynikiem
Percentyl według liczby udzielonych odpowiedzi
Twoja historia wyników
Nie rozwiązałeś tego quizu od ostatniego zresetowania